000 00381nam a2200133Ia 4500
008 220217s9999||||xx |||||||||||||| ||und||
020 _a81-7808-694-8
082 _a658 ROB
100 _aRobbins, Stephen, P
_93058
245 0 _aTruth about managing people and nothing but the truth
260 _aPearson education
_bNew Delhi
_c2002
300 _b195
650 _aMANAGEMENT
999 _c170769
_d170769